000 00573nam a2200169 i 4500
001 42220
003 ES-MaACL
005 20230906160553.0
007 t|
008 030313s1935 sp ||||1| spa d
100 1 _aCastillejo, José (
_d1877-1945)
_9159931
245 1 0 _aHistoria del Derecho Romano
_b: política, doctrinas, legislación y administración /
_cpor José Castillejo y Duarte.
260 _aMadrid :
_bVictoriano Suárez,
_c1935] (
_fImp. Góngora)
300 _a527 p. ;
_c23 cm.
650 0 4 _aDerecho romano-
_vHistoria.
_911766
852 _aES-MaACL
_jA-4156
999 _c42220
_d42220